000 00573nam a22002177a 4500
001 66772
003 BD-RjUL
005 20211209081557.0
008 170320s1983 maua|||| |||| 00| 0 eng d
035 _a(BD-RjUL)66903
040 _aBD-RjUL
_beng
_cBD-RjUL
041 _aeng
082 _223
_a621.9
_bNOT 1983
110 1 _aNorton Company
_9202293
245 1 0 _aToolroom grinding /
250 _a15th ed.
260 _aWorcester, Ma. :
_bNorton Co.,
_cc1983.
300 _a[4], 168 p. :
_bill. ;
_c17 cm.
650 _aGrinding and polishing.
_935577
942 _2ddc
_cBK
999 _c66772
_d66772